Wszystkie postacie z Harry Potter 1 - Statystyki

Ogólne statystyki
  • Ten quiz został rozwiązany 19 razy
  • Średni wynik to 63 z 500
Statystyki odpowiedzi
Hint Odpowiedź % Poprawnych
Golden trio | Gwardia Dumbledore'a (Gryfoni) Hermiona Granger
100%
Aurorzy Ronald Billius Weasley
100%
Rodzina Weasley Ronald Weasley
100%
Golden trio | Gwardia Dumbledore'a (Gryfoni) Ron Weasley
100%
Gwardia Dumbledore'a (Gryfoni) | Rodzina Weasley Fred Weasley
93%
Gwardia Dumbledore'a (Gryfoni) | Rodzina Weasley George Weasley
93%
Gwardia Dumbledore'a (Gryfoni) | Rodzina Weasley | Silver trio Ginny Weasley
93%
Aurorzy Harry James Potter
93%
Czara ognia | Golden trio | Gwardia Dumbledore'a (Gryfoni) | Rodzina Weasley - Potter Harry Potter
93%
Rodzina Weasley - Prewett Molly Weasley
93%
Rodzina Weasley Artur Weasley
87%
Rodzina Potter James Potter I
73%
Rodzina Potter - Evans Lily Evans
73%
Rodzina Weasley William Weasley
73%
Rodzina Weasley Charles Weasley
67%
Rodzina Weasley Percy Weasley
67%
Bronze trio Draco Malfoy
60%
Czara ognia | Rodzina Weasley - Delacour Fleur Delacour
60%
Znani uczniowie Beauxbatons Fleur Weasley
60%
Rodzina Dursley - Evans Petunia Evans
60%
Dyrektorzy Hogwartu | Obrony przed czarną magią (1910~) | Rodzina Dumbledore | Transmutacja ( - do 1956) Albus Dumbledore
53%
Rodzina Weasley - Potter Albus Severus Potter
53%
Rodzina Dursley Vernon Dursley
53%
Rodzina Black - Lestrange Bellatriks Lestrange
47%
Rodzina Dursley - Evans Dudley Dursley
47%
Rodzina Malfoy Lucjusz Malfoy
47%
Rodzina Black - Malfoy Narcyza Malfoy
47%
Gwardia Dumbledore'a (Gryfoni) | Silver trio Neville Longbottom
47%
Rodzina Tonks - Lupin Nimfadora Lupin
47%
Aurorzy Nimfadora Tonks
47%
Obrony przed czarną magią (1993 - 1994) | Rodzina Lupin Remus Lupin
47%
Opieka nad magicznymi stworzeniami (1993 - ) Rubeus Hagrid
47%
Dyrektorzy Hogwartu | Eliksiry (1981 - 1996) | Obrony przed czarną magią (1996 - 1997) | Rodzina Snape Severus Snape
47%
Skrzaty domowe Zgredek
47%
Czara ognia | Rodzina Diggory Cedrik Diggory
40%
Rodzina Weasley - Potter James Syriusz Potter
40%
Ministrowie Magii (1990 - 1996) Korneliusz Knot
40%
Gwardia Dumbledore'a (Krukoni) | Silver trio Luna Lovegood
40%
Aurorzy Alastor Moody
33%
Obrony przed czarną magią (1995 - 1996) Dolores Umbridge
33%
Obrony przed czarną magią (1992 - 1993) Gilderoy Lockhart
33%
Eliksiry (1942 -1981) (1996 - ) Horacy Slughorn
33%
Duchy Hogwartu Irytek
33%
Rodzina Weasley - Potter Lily Luna Potter
33%
Transmutacja (1956 - 1998) Minerwa McGonagall
33%
Zielarstwo Pomona Sprout
33%
Założycielka Szkoły Magii i Czarodziejstwa w Hogwarcie Rowena Ravenclaw
33%
Skrzaty domowe Stworek
33%
Czara ognia Victor Krum
33%
Gwardia Dumbledore'a (Gryfoni) | Rodzina Weasley - Johnson Angelina Johnson
27%
Obrony przed czarną magią (1994 - 1995) Bartemiusz Crouch Junior
27%
Gwardia Dumbledore'a (Krukoni) Cho Chang
27%
Zaklęcia i uroki Filius Flitwick
27%
Centaury | Wróżbiarstwo (1996 - 1998) Firenzo
27%
Rodzina Gryffindor | Założyciel Szkoły Magii i Czarodziejstwa w Hogwarcie Godryk Gryffindor
27%
Duchy Hogwartu Gruby Mnich
27%
Gwardia Dumbledore'a (Puchoni) Hanna Abbott
27%
Duchy Hogwartu Jęcząca Marta
27%
Rodzina Dursley Marjorie Dursley
27%
Rodzina Gaunt Marvolo Gaunt
27%
Skrzaty domowe Mrużka
27%
Rodzina Weasley Muriel Weasley
27%
Rodzina Black Regulus Black
27%
Rodzina Weasley - Granger Rose Granger-Weasley
27%
Gajowi Hogwartu Rubeus Hagrid
27%
Aurorzy | Ministrowie Magii (1996 - 1997) Rufus Scrimgeour
27%
Rodzina Slytherin | Założyciel Szkoły Magii i Czarodziejstwa w Hogwarcie Salazar Slytherin
27%
Duchy Hogwartu Sir Nicholas de Mimsy−Porpington
27%
Wróżbiarstwo (1979 - ) Sybilla Trelawney
27%
Rodzina Riddle | Rodzina Slytherin Tom Marvolo Riddle
27%
Rodzina Krum | Znani uczniowie Durmstrangu Wiktor Krum
27%
Rodzina Dumbledore Aberforth Dumbledore
20%
Rodzina Diggory Amos Diggory
20%
Woźni Hogwartu Argus Filch
20%
Rodzina Lestrange - Black Bellatriks Lestrange
20%
Bronze trio | Rodzina Zabini Blaise Zabini
20%
Historia magii Cuthbert Binns
20%
Dyrektorzy Hogwartu Dolores Umbridge
20%
Aurorzy | Rodzina Longbottom Frank Longbottom
20%
Znani uczniowie Beauxbatons Gabrielle Delacour
20%
Rodzina Hufflepuff | Założycielka Szkoły Magii i Czarodziejstwa w Hogwarcie Helga Hufflepuff
20%
Rodzina Weasley - Granger Hermiona Granger
20%
Rodzina Peverell Ignotus Peverell
20%
Duchy Hogwartu Krwawy Baron
20%
Rodzina Lovegood Ksenofilius Lovegood
20%
Mugoloznactwo ( - do 1990) Kwiryniusz Quirrell
20%
Rodzina Gaunt - Riddle Meropa Riddle
20%
Dyrektorzy Hogwartu Minerwa McGonagall
20%
Duchy Hogwartu Profesor Cuthbert Binns
20%
Latanie na miotle | Sędzia Quidditcha Rolanda Hooch
20%
Rodzina Ravenclaw Rowena Ravenclaw
20%
Duchy Hogwartu Szara Dama
20%
Centaury Zakała
20%
Aurorzy | Rodzina Longbottom Alicja Longbottom
13%
Rodzina Black - Tonks Andromeda Tonks
13%
Rodzina Dumbledore Ariana Dumbledore
13%
Dyrektorzy Hogwartu | Transmutacja (1877) Armando Dippet
13%
Rodzina Crouch Bartemiusz Crouch Jr
13%
Profesor: Najbardziej znana historyczka magii XX wieku Bathilda Bagshot
13%
Skrzaty domowe Bujdka
13%
Gwardia Dumbledore'a (Gryfoni) Colin Creevey
13%
Gwardia Dumbledore'a (Gryfoni) Dean Thomas
13%
Rodzina Tonks Edward Tonks
13%
Rodzina Macmillan Ernest Macmillan
13%
Gwardia Dumbledore'a (Puchoni) Ernie Macmillan
13%
Dyrektorzy Hogwartu | Rodzina Black Fineas Nigellus Black
13%
Znani uczniowie Durmstrangu Gellert Grindelwald
13%
Rodzina Prewett Gideon Prewett
13%
Rodzina Ravenclaw Helena Ravenclaw
13%
Rodzina Weasley - Granger Hugo Granger-Weasley
13%
Dyrektork instytutu magii Durmstrang Igor Karkarow
13%
Gwardia Dumbledore'a (Gryfoni) Katie Bell
13%
Aurorzy | Ministrowie Magii (1998 - ) Kingsley Shacklebolt
13%
Obrony przed czarną magią (1991 - 1992) Kwiryniusz Quirrell
13%
Gwardia Dumbledore'a (Gryfoni) Lee Jordan
13%
Rodzina Gaunt Morfin Gaunt
13%
Dyrektorka Beauxbatons Olimpia Maxime
13%
Bronze trio Pansy Parkinson
13%
Pielęgniarki Hogwartu Poppy Pomfrey
13%
Rodzina Malfoy Scorpius Malfoy
13%
Gwardia Dumbledore'a (Gryfoni) | Rodzina Finnigan Seamus Finnigan
13%
Rodzina Lupin Ted Remus Lupin
13%
Rodzina Snape Tobiasz Snape
13%
Rodzina Weasley - Delacour Victoire Weasley
13%
Rodzina Black Walburga Black
13%
Mugoloznactwo (1997 - 1998) | Rodzina Carrow Alecto Carrow
7%
Obrony przed czarną magią (1997 - 1998) | Rodzina Carrow Amycus Carrow
7%
Rodzina Peverell Antioch Peverell
7%
Rodzina Malfoy - Greengrass Astoria Malfoy
7%
Rodzina Longbottom Augusta Longbottom
7%
Astronomia Aurora Sinistra
7%
Rodzina Crouch Bartemiusz Crouch Sr
7%
Rodzina Prewett/Weasley Bilius
7%
Rodzina Carrow Carrow
7%
Rodzina Weasley - Black Cedrella Weasley
7%
Mugoloznactwo (1993 - 1997) Charity Burbage
7%
Gwardia Dumbledore'a (Gryfoni) Dennis Creevey
7%
Rodzina Weasley - Delacour Dominique Weasley
7%
Rodzina Malfoy Draco Malfoy
7%
Rodzina Potter Euphemia Potter
7%
Rodzina Rosier Evan Rosier
7%
Rodzina Prewett Fabian Prewett
7%
Rodzina Weasley - Johnson Fred Weasley II
7%
Rodzina Potter Hardwin Potter
7%
Rodzina Prewett Ignatius Prewett
7%
Rodzina Kowalskich Jacob Kowalski
7%
Rodzina Peverell Kadmus Peverell
7%
Rodzina Dumbledore Kendra Dumbledore
7%
Rodzina Lestrange Lestrange
7%
Rodzina Weasley - Delacour Louis Weasley
7%
Rodzina Lovegood - Skamander Luna Skamander
7%
Rodzina Longbottom | Zielarstwo Neville Longbottom
7%
Rodzina Ollivander Ollivander
7%
Gwardia Dumbledore'a (Krukoni) Padma Patil
7%
Gwardia Dumbledore'a (Gryfoni) Parvati Patil
7%
Rodzina Lestrange Rabastan Lestrange
7%
Rodzina Skamander Rolf Skamander
7%
Rodzina Weasley - Johnson Roxanne Weasley
7%
Rodzina Lestrange Rudolf Lestrange
7%
Rodzina Weasley Septimus Weasley
7%
Rodzina Riddle Thomas Riddle
7%
Opieka nad magicznymi stworzeniami Wilhelmina Grubbly-Plank
7%
Ministrowie Magii (1747 - 1752) Albert Boot
0%
Rodzina Black Alexia Black
0%
Rodzina Black Alfard Black
0%
Rodzina Longbottom Algie Longbottom
0%
Gwardia Dumbledore'a (Nieznany dom) Alice Tolipan
0%
Gwardia Dumbledore'a (Gryfoni) Alicja Spinnet
0%
Dyrektorzy Hogwartu Ambrose Swott
0%
Gwardia Dumbledore'a (Krukoni) | Rodzina Goldstein Anthony Goldstein
0%
Woźni Hogwartu Apollion Pringle
0%
Znani uczniowie Beauxbatons Apolonia Delacour
0%
Ministrowie Magii (1912 - 1923) Archer Evermonde
0%
Rodzina Black Arcturus Black I
0%
Rodzina Black Arcturus Black II
0%
Rodzina Black Arcturus Black III
0%
Ministrowie Magii (1798 - 1811) Artemisia Lufkin
0%
Rodzina Weasley - ??? Audrey Weasley
0%
Znani uczniowie Szkoły Magii Uagadou Babajide Akingbade
0%
Rodzina Lestrange - Leroy Balbine Lestrange I
0%
Rodzina Lestrange Balbine Lestrange II
0%
Runy Bathsheda Babbling
0%
Ministrowie Magii (1752 - 1752) Bazyl Flack
0%
Dyrektorzy Hogwartu Bazyl Fronsac
0%
Rodzina Black - Burke | Rodzina Burke - Black Belvina Burke
0%
Dyrektorka brazylijskiej szkoły magii Castelobruxo Benedita Dourado
0%
Rodzina Tremblay Bernard Tremblay
0%
Skrzaty domowe Bilm
0%
Rodzina Hitchens Bob Hitchens
0%
Dyrektorzy Hogwartu Brian Gagwilde
0%
Skrzaty domowe Burgle
0%
Rodzina Black - Longbottom | Rodzina Longbottom - Black Callidora Longbottom
0%
Rodzina Burke Caractacus Burke
0%
Rodzina Crouch Caspar Crouch
0%
Rodzina Black Cassiopeia Black
0%
Profesor: Wielki badacz zaklęć Catullus Spangle
0%
Rodzina Black - Weasley Cedrella Weasley
0%
Rodzina Steward - Boot | Założyciel Szkoły Magii i Czarodziejstwa Ilvermorny Chadwick Boot
0%
Rodzina Black - Crouch | Rodzina Crouch - Black Charis Crouch
0%
Rodzina Potter Charlus Potter
0%
Rodzina Hufflepuff Chefsiba Smith
0%
Rodzina Lestrange - Tremblay Clarisse Lestrange
0%
Rodzina Gaunt Corvinus Gaunt
0%
Rodzina Lestrange Corvus Lestrange I
0%
Rodzina Lestrange Corvus Lestrange II
0%
Rodzina Lestrange Corvus Lestrange III
0%
Rodzina Lestrange Corvus Lestrange IV
0%
Rodzina Lestrange Corvus Lestrange V
0%
Rodzina Dumbledore Credence Barebone
0%
Rodzina Black Cygnus Black I
0%
Rodzina Black Cygnus Black II
0%
Rodzina Black Cygnus Black III
0%
Rodzina Lestrange Cyrille Lestrange I
0%
Rodzina Lestrange Cyrille Lestrange II
0%
Rodzina Lestrange Cyrille Lestrange III
0%
Rodzina Lestrange Cyrille Lestrange IV
0%
Skrzaty domowe Czaszko
0%
Rodzina Dodderidge Daisy Dodderidge
0%
Rodzina Dodderidge Damara Dodderidge
0%
Ministrowie Magii (1718 - 1726) Damocles Rowle
0%
Rodzina Lestrange - Moreau Darenne Lestrange
0%
Rodzina Lestrange - Riddle - Black | Rodzina Riddle | Rodzina Slytherin Delphini
0%
Dyrektorzy Hogwartu Dexter Fortescue
0%
Dyrektorzy Hogwartu Dilys Derwent
0%
Rodzina Black - Potter Dorea Potter
0%
Znani uczniowie Szkoły Magii i Czarodziejstwa Ilvermorny Dorka Twelvetrees
0%
Rodzina Black - Rosier | Rodzina Rosier - Black Druella Black
0%
Ministrowie Magii (1858 - 1865) Dugald McPhail
0%
Rodzina Black Eduardus Limette Black
0%
Rodzina Lestrange Eglantine Lestrange
0%
Rodzina Snape Eileen Prince
0%
Ministrowie Magii (1733 - 1747) | Rodzina Diggory Eldritch Diggory
0%
Rodzina Burke Elizabeth Burke
0%
Rodzina Black - Max Ella Black
0%
Rodzina Black Elladora Black
0%
Profesor: Badacz zachowania wilkołaków Emerett Picardy
0%
Profesor: Specjalista w dziedzinie transmutacji Emerik Switch
0%
Rodzina Longbottom Enid Longbottom
0%
Dyrektorzy Hogwartu Eoessa Sakndenberg
0%
Rodzina Lestrange Ermessende Lestrange
0%
Ministrowie Magii (1968 - 1975) Eugenia Jenkins
0%
Rodzina Lestrange Euphrahilde Lestrange
0%
Ministrowie Magii (1849 - 1855) Evangeline Orpington
0%
Dyrektorzy Hogwartu Everard
0%
Rodzina Lestrange Falco Lestrange
0%
Rodzina Tremblay Falco Tremblay
0%
Ministrowie Magii (1865 - 1903) Faris Spavin
0%
Rodzina Lestrange Félicule Lestrange
0%
Rodzina Rosier Felix Rosier
0%
Rodzina Finnigan Fergus
0%
Skrzaty domowe Filk
0%
Rodzina Black Fineas Black
0%
Rodzina Potter Fleamont Potter
0%
Rodzina Lestrange F. Lestrange
0%
Rodzina Carrow Flora Carrow
0%
Rodzina Lestrange Floxel Lestrange
0%
Rodzina Lestrange Fortunade Lestrange
0%
Rodzina Lestrange Fulcran Lestrange I
0%
Rodzina Lestrange Fulcran Lestrange II
0%
Rodzina Lestrange Fulcran Lestrange III
0%
Dyrektorzy Hogwartu Fytherley Undercliffe
0%
Skrzaty domowe Gabbey
0%
Rodzina Lestrange Gaidic Lestrange
0%
Obrony przed czarną magią (za czasów Tom'a Riddle'a) Galatea Merrythought
0%
Rodzina Ollivander Garrick Ollivander
0%
Rodzina Ollivander Geraint Ollivander
0%
Rodzina Ollivander Gerbold Ollivander
0%
Rodzina Ollivander Gervaise Ollivander
0%
Skrzaty domowe Gimkey
0%
Rodzina Gaunt Gormlaith Gaunt
0%
Skrzaty domowe Greebly
0%
Ministrowie Magii (1811 - 1819) Grogan Stump
0%
Skrzaty domowe Grosik
0%
Woźni Hogwartu Hankerton Humble
0%
Rodzina Longbottom - Abbott Hanna Longbottom
0%
Rodzina Longbottom Harfang Longbottom
0%
Dyrektork instytutu magii Durmstrang Harfang Munter
0%
Ministrowie Magii (1975 - 1980) Harold Minchum
0%
Ministrowie Magii (1925 - 1939) Hector Fawley
0%
Profesor: Uzdrowiciel w Klinice Magicznych Chorób i Urazów Szpitala Świętego Munga Helbert Spleen
0%
Dyrektorzy Hogwartu Heliotrope Wilkins
0%
Rodzina Lestrange - Beaufort Heloise Lestrange
0%
Rodzina Potter Henry Potter
0%
Zielarstwo Herbert Beerry
0%
Rodzina Burke Herbert Burke
0%
Rodzina Black - Gamp Hesper Black
0%
Ministrowie Magii (1752 - 1770) Hesphaestus Gore
0%
Rodzina Carrow Hestia Carrow
0%
Skrzaty domowe Higgledy
0%
Rodzina Dumbledore Honoria
0%
Skrzaty domowe Hooky
0%
Rodzina Lupin - Howell Hope Lupin
0%
Ministrowie Magii (1841 - 1849) Hortensia Milliphutt
0%
Rodzina Perrot Huguette Perrot
0%
Ministrowie Magii (1959 - 1962) Ignatius Tuft
0%
Rodzina Black - Hitchens Iola Hitchens
0%
Rodzina Potter - Peverell Iolanthe Peverell
0%
Rodzina Black - Crabbe Irma Black
0%
Bibliotekarka Irma Pince
0%
Rodzina Sayre - Steward | Założycielka Szkoły Magii i Czarodziejstwa Ilvermorny Izolda Sayre
0%
Rodzina Steward | Założyciel i dyrektor Szkoły Magii i Czarodziejstwa Ilvermorny James Steward
0%
Rodzina Blishwick Jimbo Blishwick
0%
Znani uczniowie szkoły magii Castelobruxo João Coelho
0%
Rodzina Lestrange - Volant Jodelle Lestrange
0%
Aurorzy John Dawlish
0%
Ministrowie Magii (1819 - 1827) Josephina Flint
0%
Rodzina Lestrange - Gage Josette Gage
0%
Gwardia Dumbledore'a (Puchoni) Justyn Finch–Fletchley
0%
Skrzaty domowe Kossa
0%
Skrzaty domowe Krafty
0%
Skrzaty domowe Kuchcik
0%
Rodzina Perrot Laurelle Perrot
0%
Rodzina Lestrange - Kama Laurena Lestrange
0%
Gwardia Dumbledore'a (Gryfoni) Lavender Brown
0%
Ministrowie Magii (1939 - 1948) Leonard Spencer-Moon
0%
Rodzina Lestrange - Tremblay Leonie Tremblay
0%
Rodzina Lestrange Leta Lestrange
0%
Znani uczniowie szkoły magii Castelobruxo Libacjusz Borage
0%
Rodzina Black Licorus Black
0%
Dyrektorzy Hogwartu Limebert
0%
Rodzina Potter Linfred ze Stinchcombe
0%
Ministrowie Magii (1923 - 1925) Lorcan McLaird
0%
Rodzina Skamander Lorcan Skamander
0%
Duchy Hogwartu Lord Draben
0%
Rodzina Gage Louis Gage
0%
Gwardia Dumbledore'a (Nieznany dom) Luca Caruso
0%
Pisanie list niezbędnych artykułów do Hogwartu dla pierwszoroczniaków Lucinda Thomsonicle-Pocus
0%
Znani uczniowie Beauxbatons Luc Millefeuille
0%
Rodzina Weasley - ??? Lucy Weasley
0%
Rodzina Black - Prewett | Rodzina Prewett - Black Lukrecja Prewett
0%
Rodzina Lestrange - Trouche Luminosa Lestrange
0%
Rodzina Lupin Lyall Lupin
0%
Rodzina Black Lycoris Black
0%
Rodzina Skamander Lysander Skamander
0%
Rodzina Black - Yaxley Lysandra Black
0%
Rodzina Black - Tripe Magenta Black
0%
Centaury Magorian
0%
Skrzaty domowe Mańka
0%
Rodzina Lestrange - Perrot Manon Perrot
0%
Gwardia Dumbledore'a (Krukoni) Marietta Edgecombe
0%
Rodzina Black Marius Black
0%
Rodzina Steward | Znani uczniowie Szkoły Magii i Czarodziejstwa Ilvermorny Marta Steward
0%
Rodzina Riddle Mary Riddle
0%
Rodzina Gage Mathis Gage
0%
Ministrowie Magii (1770 - 1781) Maximilian Crowdy
0%
Rodzina Black - Macmillan | Rodzina Macmillan - Black Melania Black
0%
Gwardia Dumbledore'a (Krukoni) Michael Corner
0%
Ministrowie Magii (1980 - 1990) Millicenta Bagnold
0%
Rodzina Lestrange - Rosier | Rodzina Rosier - Lestrange Minette Lestrange
0%
Rodzina Black - Blishwick Misapinoa Blishwick
0%
Rodzina Weasley - ??? Molly Weasley II
0%
Profesor: Ekspert w dziedzinie mugoloznawstwa Mordicus Egg
0%
Znani uczniowie Szkoły Magii Uagadou Mudiwa Onai
0%
Rodzina Kama Mustafa Kama
0%
Znani uczniowie Szkoły Magii Uagadou Natsai Onai
0%
Dyrektorka instytutu magii Durmstrang Nerida Vulchanova
0%
Rodzina Skamander Newton Skamander
0%
Znani uczniowie Beauxbatons Nicolas Flamel
0%
Skrzaty domowe Nieznużek
0%
Gwardia Dumbledore'a (Gryfoni) Nigel Wolpert
0%
Ministrowie Magii (1962 - 1968) Nobby Leach
0%
Rodzina Lestrange Nozéa Lestrange
0%
Rodzina Perrot Odile Perrot
0%
Gajowi Hogwartu Ogg
0%
Rodzina Black Orion Black
0%
Ministrowie Magii (1827 - 1835) Ottalina Gambol
0%
Rodzina Lovegood Pandora Lovegood
0%
Rodzina Dumbledore Perciwal Dumbledore
0%
Znani uczniowie Beauxbatons Perenella Flamel
0%
Ministrowie Magii (1726 - 1733) Perseus Parkinson
0%
Rodzina Black Phoebe Black
0%
Dyrektorzy Hogwartu Phyllida Spore
0%
Skrzaty domowe Pitts
0%
Ministrowie Magii (1997 - 1998) Pius Thicknesse
0%
Znani uczniowie Durmstrangu Poliakow
0%
Rodzina Black Pollux Black
0%
Rodzina Skamander - Goldstein | Znani uczniowie Szkoły Magii i Czarodziejstwa Ilvermorny Porpentyna Skamander
0%
Ministrowie Magii (1781 - 1789) Porteus Knatchbull
0%
Duchy Hogwartu Posępne Zakonnice
0%
Ministrowie Magii (1855 - 1858) Priscilla Dupont
0%
Aurorzy Proudfoot
0%
Rodzina Lestrange - Leroy Pucine Lestrange I
0%
Rodzina Lestrange Pucine Lestrange II
0%
Rodzina Goldstein Queenie Goldstein
0%
Dyrektorzy Hogwartu Quentin Trimble
0%
Rodzina Lestrange Quintilla Lestrange
0%
Ministrowie Magii (1835 - 1841) | Rodzina Lestrange Radolphus Lestrange
0%
Rodzina Potter Ralston Potter
0%
Woźni Hogwartu Rancorous Carpe
0%
Rodzina Black Regulus Black I
0%
Skrzaty domowe Retch
0%
Rodzina Gage Reynard Gage
0%
Rodzina Gaunt - Sayre Rionach Sayre
0%
Rodzina Steward | Znani uczniowie Szkoły Magii i Czarodziejstwa Ilvermorny Rionach Steward
0%
Rodzina Lestrange R. Lestrange
0%
Centaury Ronan
0%
Rodzina Rosier Rosier
0%
Rodzina Lestrange - Volant Salomé Lestrange
0%
Aurorzy Savage
0%
Rodzina Perrot Sebastien Perrot
0%
Numerologia Septima Vector
0%
Rodzina Weasley Septimus Weasley
0%
Znani uczniowie Szkoły Magii i Czarodziejstwa Ilvermorny Serafina Picquery
0%
Opieka nad magicznymi stworzeniami (- do 1993) Silvanus Kettleburn
0%
Skrzaty domowe Smyk
0%
Rodzina Lestrange - Petit Sotère Lestrange
0%
Gwardia Dumbledore'a (Puchoni) Susan Bones
0%
Rodzina Black Syriusz Black I
0%
Rodzina Black Syriusz Black II
0%
Rodzina Black Syriusz Black III
0%
Gwardia Dumbledore'a (Krukoni) Terry Boot
0%
Rodzina Skamander Tezeusz Skamander
0%
Rodzina Riddle Tom Riddle Sr
0%
Ministrowie Magii (1707 - 1718) Ulick Gamp
0%
Ministrowie Magii (1789 - 1798) Unctuous Osbert
0%
Rodzina Black - Flint Ursula Black
0%
Skrzaty domowe Vekey
0%
Ministrowie Magii (1903 - 1912) Venusia Crickerly
0%
Znani uczniowie Beauxbatons Vincent Duc de Trèfle-Picques
0%
Rodzina Rosier Vinda Rosier
0%
Dyrektorzy Hogwartu Vindictus Viridian
0%
Rodzina Black - Bulstrode Violetta Black
0%
Dyrektorzy Hogwartu Vulpus
0%
Pielęgniarki Hogwartu Wainscott
0%
Dyrektorzy Hogwartu Walter Aragon
0%
Rodzina Steward - Boot | Założyciel Szkoły Magii i Czarodziejstwa Ilvermorny Webster Boot
0%
Skrzaty domowe Wigby
0%
Ministrowie Magii (1948 - 1959) Wilhelmina Tuft
0%
Rodzina Sayre William Sayre
0%
Aurorzy Williamson
0%
Skrzaty domowe Wugby
0%
Rodzina Kama Yusuf Kama
0%
Gwardia Dumbledore'a (Puchoni) | Rodzina Hufflepuff Zachariasz Smith
0%
Skrzaty domowe Zdzierek
0%
Skrzaty domowe Zgrzytek
0%
Skrzaty domowe Zyzuś
0%
Nie znaleziono quizów pasujących do podanych kryteriów
Rozkład punktacji
Procent ludzi z każdym wynikiem
Percentyl według liczby udzielonych odpowiedzi
Twoja historia wyników
Nie rozwiązałeś tego quizu